[Event "SVK-ch U18/20"]
[Site "Liptovsky Mikulas"]
[Date "2017.04.27"]
[Round "8"]
[White "Dudasko, Mario"]
[Black "Kravec, Patrik"]
[Result "0-1"]
[WhiteElo "1929"]
[BlackElo "2046"]
[PlyCount "78"]
[EventDate "2017.04.22"]
[EventType "swiss"]
[EventRounds "9"]
[EventCountry "SVK"]
[SourceTitle "CBM 178 Extra"]
[Source "ChessBase"]
[SourceDate "2017.06.22"]
[SourceVersion "1"]
[SourceVersionDate "2017.06.22"]
[SourceQuality "1"]

1. e4 c5 2. Nf3 d6 3. d4 cxd4 4. Nxd4 Nf6 5. Nc3 Nc6 6. Bg5 Bd7 7. Be2 Qa5 8. Bxf6 gxf6 9. Qd2 Qg5 10. Qxg5 fxg5 11. Ndb5 Rc8 12. Nd5 a6 13. Nbc3 Bg7 14. 0-0-0 Nd4 15. Nb6 Rxc3 16. bxc3 Nxe2+ 17. Kd2 Nxc3 18. Rde1 Nxa2 19. Re3 Be6 20. Rb1 Bd4 21. Rd3 Be5 22. Ra3 0-0 23. c4 Nc3 24. Rxc3 Bxc3+ 25. Kxc3 f5 26. exf5 Rxf5 27. Rb2 Kf7 28. f3 h5 29. Kd4 Rf4+ 30. Kd3 Rf5 31. Kd4 Ra5 32. Ke4 Kf6 33. h3 Bf5+ 34. Kd4 e5+ 35. Kc3 Be6 36. Rd2 Ke7 37. Kb4 Rc5 38. g4 hxg4 39. hxg4 Rc6 0-1

[Event "SVK-chT1E 1617"]
[Site "Slovakia"]
[Date "2016.10.15"]
[Round "1.7"]
[White "Panko, Eduard"]
[Black "Dudasko, Mario"]
[Result "0-1"]
[WhiteElo "1958"]
[BlackElo "1940"]
[PlyCount "118"]
[EventDate "2016.10.15"]
[EventType "team-tourn"]
[EventRounds "11"]
[EventCountry "SVK"]
[SourceTitle "CBM 175 Extra"]
[Source "ChessBase"]
[SourceDate "2016.12.12"]
[SourceVersion "1"]
[SourceVersionDate "2016.12.12"]
[SourceQuality "1"]
[WhiteTeam "Bardejov"]
[BlackTeam "Kezmarok"]
[WhiteTeamCountry "SVK"]
[BlackTeamCountry "SVK"]

1. e4 c5 2. Nf3 d6 3. c3 Nf6 4. Bd3 Nc6 5. h3 e5 6. Bc2 Be7 7. 0-0 0-0 8. d4 Qb6 9. d5 Nb8 10. Nbd2 Nbd7 11. Nh2 Re8 12. Qe2 Nf8 13. Nc4 Qc7 14. a4 Bd7 15. Bg5 Nxd5 16. Bxe7 Nxe7 17. Rad1 Nc8 18. Rd2 b5 19. axb5 Bxb5 20. Bd3 Bc6 21. Ne3 Ng6 22. Qf3 Nf4 23. Bc4 Nb6 24. Ba2 Bd7 25. Rfd1 Be6 26. Bb1 Bb3 27. Bc2 Bxc2 28. Rxc2 Re6 29. Rcd2 Rg6 30. Nhf1 Rb8 31. Ng3 Na4 32. Nc4 h5 33. Nxh5 Nxg2 34. Ng3 Nf4 35. h4 Qe7 36. Nxd6 Nxb2 37. Ndf5 Qf8 38. Rb1 Rgb6 39. Kh2 Nc4 40. Rxb6 Nxd2 41. Qe3 axb6 42. Qxd2 g6 43. Ne3 Qd8 44. Nd5 Qxh4+ 45. Kg1 Rd8 46. Qe3 Kg7 47. Qf3 Nxd5 48. exd5 Qf4 49. Qd3 c4 50. Qd1 Rd6 51. Kg2 Rf6 52. Qe2 Rd6 53. Qd1 b5 54. Kg1 b4 55. cxb4 c3 56. Qb3 Qd2 57. Qc4 c2 58. Qg4 c1Q+ 59. Kg2 Qxd5+ 0-1

[Event "SVK-chT U20"]
[Site "Stara Lubovna"]
[Date "2015.05.03"]
[Round "5.2"]
[White "Dudasko, Mario"]
[Black "Bango, Lukas"]
[Result "0-1"]
[WhiteElo "1870"]
[BlackElo "2140"]
[PlyCount "34"]
[EventDate "2015.05.01"]
[EventType "team-tourn"]
[EventRounds "5"]
[EventCountry "SVK"]
[SourceTitle "EXT 2016"]
[Source "ChessBase"]
[SourceDate "2015.10.08"]
[SourceVersion "1"]
[SourceVersionDate "2015.10.08"]
[SourceQuality "1"]
[WhiteTeam "Lendak"]
[BlackTeam "Trnava Modranka"]
[WhiteTeamCountry "SVK"]
[BlackTeamCountry "SVK"]

1. e4 c5 2. Nf3 d6 3. d4 cxd4 4. Nxd4 Nf6 5. Nc3 g6 6. Be3 Bg7 7. Bc4 0-0 8. f3 Nc6 9. Qd2 Bd7 10. 0-0-0 Rc8 11. g4 Nxd4 12. Bxf7+ Rxf7 13. Bxd4 Qa5 14. h4 h5 15. gxh5 Qxh5 16. Bxa7 Qxf3 17. Rdf1 Qh5 0-1

[Event "SVK-chT2D 14/15"]
[Site "Slovakia"]
[Date "2014.10.12"]
[Round "2.2"]
[White "Dudasko, Mario"]
[Black "Fedorko, Martin"]
[Result "1-0"]
[WhiteElo "1908"]
[BlackElo "1982"]
[PlyCount "107"]
[EventDate "2014.10.11"]
[EventType "team-tourn"]
[EventRounds "11"]
[EventCountry "SVK"]
[SourceTitle "EXT 2019"]
[Source "ChessBase"]
[SourceDate "2018.10.10"]
[SourceVersion "1"]
[SourceVersionDate "2018.10.10"]
[SourceQuality "1"]
[WhiteTeam "Spisska Stara Ves"]
[BlackTeam "Kosice Slavia TU IV"]
[WhiteTeamCountry "SVK"]
[BlackTeamCountry "SVK"]

1. e4 c5 2. Nf3 Nc6 3. d4 cxd4 4. Nxd4 e6 5. Nb5 d6 6. Bf4 e5 7. Be3 a6 8. N5c3 Nf6 9. Bg5 Be7 10. Bxf6 Bxf6 11. Bd3 Be6 12. Nd2 0-0 13. 0-0 b5 14. Re1 Rc8 15. a4 b4 16. Nd5 a5 17. Ba6 Rb8 18. Nc4 Nd4 19. Nce3 Bg5 20. Bc4 Bxe3 21. Nxe3 Bxc4 22. Nxc4 Qc7 23. b3 f6 24. Re3 Rfd8 25. f4 Qc5 26. Kh1 d5 27. exd5 Rxd5 28. Rd3 e4 29. Rd2 Rbd8 30. Qg1 Nc6 31. Qxc5 Rxc5 32. Rxd8+ Nxd8 33. Rd1 Nc6 34. Kg1 Kf7 35. Rd7+ Kg6 36. Rc7 Kf5 37. g3 Kg4 38. Kf2 Kf5 39. Rxg7 Nd4 40. Rxh7 Ke6 41. Ra7 Nxc2 42. Ra6+ Ke7 43. Rxa5 Rxa5 44. Nxa5 Kd6 45. Nc4+ Kc5 46. h4 Kd4 47. h5 e3+ 48. Ke2 Ke4 49. Nxe3 Nd4+ 50. Kf2 Nxb3 51. h6 Nc5 52. h7 Nd3+ 53. Ke2 Nc1+ 54. Kd1 1-0

[Event "SVK-chT2D 14/15"]
[Site "Slovakia"]
[Date "2014.10.11"]
[Round "1.1"]
[White "Janurik, Michal"]
[Black "Dudasko, Mario"]
[Result "0-1"]
[WhiteElo "1812"]
[BlackElo "1908"]
[PlyCount "96"]
[EventDate "2014.10.11"]
[EventType "team-tourn"]
[EventRounds "11"]
[EventCountry "SVK"]
[SourceTitle "EXT 2019"]
[Source "ChessBase"]
[SourceDate "2018.10.10"]
[SourceVersion "1"]
[SourceVersionDate "2018.10.10"]
[SourceQuality "1"]
[WhiteTeam "Kosice Slavia UPJS III"]
[BlackTeam "Spisska Stara Ves"]
[WhiteTeamCountry "SVK"]
[BlackTeamCountry "SVK"]

1. e4 c5 2. Ne2 d6 3. d4 cxd4 4. Nxd4 Nf6 5. Bb5+ Bd7 6. Bxd7+ Nbxd7 7. Qe2 e6 8. c3 Be7 9. 0-0 0-0 10. Bg5 Qb6 11. Kh1 h6 12. Bh4 e5 13. Nf5 Rfe8 14. Nxe7+ Rxe7 15. b3 Rc8 16. c4 g5 17. Bg3 Nf8 18. Nc3 Ne6 19. Nd5 Nxd5 20. cxd5 Nd4 21. Qg4 Rc2 22. h4 f6 23. Rac1 Rec7 24. Rxc2 Rxc2 25. f4 Qa6 26. Re1 exf4 27. Bxf4 Rc7 28. Be3 Nc2 29. Re2 Nxe3 30. Rxe3 Qf1+ 31. Kh2 Qf2 32. Rg3 Re7 33. hxg5 hxg5 34. Qc8+ Kg7 35. Qg4 Kf7 36. Qh5+ Kg7 37. Qf3 Qxf3 38. Rxf3 Rxe4 39. Rc3 Re2 40. Rc7+ Kg6 41. a4 Kf5 42. Rxb7 Rb2 43. b4 a6 44. b5 axb5 45. Rxb5 Ra2 46. a5 Ke5 47. Kh3 Kd4 48. Rb4+ Kc5 0-1

[Event "SVK-ch U18"]
[Site "Stara Lubovna"]
[Date "2014.04.09"]
[Round "6"]
[White "Dudasko, Mario"]
[Black "Spacek, Marcel"]
[Result "0-1"]
[WhiteElo "1618"]
[BlackElo "1867"]
[PlyCount "58"]
[EventDate "2014.04.05"]
[EventType "swiss"]
[EventRounds "9"]
[EventCountry "SVK"]
[SourceTitle "EXT 2016"]
[Source "ChessBase"]
[SourceDate "2015.10.08"]
[SourceVersion "1"]
[SourceVersionDate "2015.10.08"]
[SourceQuality "1"]

1. e4 c5 2. Nf3 Nc6 3. d4 cxd4 4. Nxd4 Nf6 5. Nc3 e5 6. Ndb5 d6 7. Bg5 a6 8. Na3 b5 9. Nd5 Be7 10. Bxf6 Bxf6 11. c4 b4 12. Nc2 a5 13. Bd3 Bg5 14. 0-0 0-0 15. f4 exf4 16. Nxf4 Ne5 17. Nd5 Bg4 18. Be2 Be6 19. Kh1 Rc8 20. b3 Bh6 21. Nd4 g6 22. Nf6+ Kh8 23. Nb5 Rc6 24. Nd5 Qh4 25. Bf3 Bxd5 26. g3 Qe7 27. Qxd5 Be3 28. Rad1 Rd8 29. Bg2 Rc5 0-1

[Event "SVK-ch U18"]
[Site "Stara Lubovna"]
[Date "2014.04.05"]
[Round "1"]
[White "Balazs, Ladislav"]
[Black "Dudasko, Mario"]
[Result "0-1"]
[WhiteElo "1982"]
[BlackElo "1618"]
[PlyCount "120"]
[EventDate "2014.04.05"]
[EventType "swiss"]
[EventRounds "9"]
[EventCountry "SVK"]
[SourceTitle "EXT 2016"]
[Source "ChessBase"]
[SourceDate "2015.10.08"]
[SourceVersion "1"]
[SourceVersionDate "2015.10.08"]
[SourceQuality "1"]

1. e4 c5 2. b3 Nc6 3. Bb2 e5 4. Bc4 Nf6 5. Nc3 Be7 6. Nf3 d6 7. Qe2 Bd7 8. h3 0-0 9. 0-0-0 Qa5 10. Kb1 a6 11. g4 b5 12. g5 Nh5 13. Bd3 Nf4 14. Qf1 Nd4 15. Nxd4 cxd4 16. Nd5 Bxg5 17. h4 Bh6 18. c3 Nxd5 19. exd5 dxc3 20. dxc3 f5 21. Qg2 Qc7 22. Rhg1 f4 23. f3 Bf5 24. Bxf5 Rxf5 25. Qg4 Rf6 26. Kc2 a5 27. Qg2 Qc5 28. h5 a4 29. Rd3 Rf5 30. Rh1 Rg5 31. Qh3 Rg3 32. Qe6+ Kh8 33. Rhd1 Bg5 34. b4 Qc7 35. a3 Qe7 36. Qf5 Rf8 37. Qe4 Rh3 38. c4 bxc4 39. Qxc4 Qd7 40. Kb1 Rc8 41. Qa6 Rxh5 42. b5 Rb8 43. Qc6 Rb7 44. Rc1 h6 45. b6 Bd8 46. Qxd7 Rxd7 47. Rc8 Kh7 48. b7 Rxb7 49. Rxd8 Rh2 50. Rxd6 Rhxb2+ 51. Kc1 Rb1+ 52. Kc2 R7b2+ 53. Kc3 Rb3+ 54. Kc2 R1b2+ 55. Kc1 Rxd3 56. Kxb2 h5 57. Rd8 h4 58. Kc2 Rd4 59. Rb8 Rxd5 60. Rb1 g5 0-1

[Event "SVK-ch U16"]
[Site "Lubovna"]
[Date "2013.04.13"]
[Round "9"]
[White "Haborak, Kristian"]
[Black "Dudasko, Mario"]
[Result "0-1"]
[WhiteElo "1799"]
[BlackElo "1618"]
[PlyCount "70"]
[EventDate "2013.04.06"]
[EventType "swiss"]
[EventRounds "9"]
[EventCountry "SVK"]
[SourceTitle "CBM 153 Extra"]
[Source "ChessBase"]
[SourceDate "2013.04.22"]
[SourceVersion "1"]
[SourceVersionDate "2013.04.22"]
[SourceQuality "1"]

1. Nf3 Nf6 2. g3 c5 3. Bg2 Nc6 4. d4 e6 5. 0-0 d5 6. c3 Be7 7. dxc5 Bxc5 8. b4 Bb6 9. Nbd2 0-0 10. a4 a6 11. Nb3 Re8 12. Qc2 Bd7 13. Nfd4 Bxd4 14. Nxd4 Nxd4 15. cxd4 Qb6 16. Qb2 Rac8 17. e3 Rc4 18. Bd2 Rec8 19. Rfd1 Rc2 20. Qb3 Ne8 21. Bf1 Nd6 22. Bd3 R2c7 23. b5 Nc4 24. Rab1 Nxd2 25. Rxd2 Rc1+ 26. Rxc1 Rxc1+ 27. Kg2 Qa5 28. Rc2 Rxc2 29. Qxc2 g6 30. Qb3 axb5 31. axb5 Qc7 32. e4 dxe4 33. Bxe4 Qb6 34. d5 Bxb5 35. dxe6 Bf1+ 0-1

[Event "SVK-ch U16"]
[Site "Lubovna"]
[Date "2013.04.11"]
[Round "7"]
[White "Istona, Martin"]
[Black "Dudasko, Mario"]
[Result "1-0"]
[WhiteElo "2097"]
[BlackElo "1618"]
[PlyCount "69"]
[EventDate "2013.04.06"]
[EventType "swiss"]
[EventRounds "9"]
[EventCountry "SVK"]
[SourceTitle "CBM 153 Extra"]
[Source "ChessBase"]
[SourceDate "2013.04.22"]
[SourceVersion "1"]
[SourceVersionDate "2013.04.22"]
[SourceQuality "1"]

1. e4 e5 2. Nf3 Nc6 3. Bb5 a6 4. Ba4 Nf6 5. 0-0 d6 6. c3 b5 7. Bb3 Na5 8. Bc2 c5 9. h3 Qc7 10. d4 cxd4 11. cxd4 Be7 12. Re1 0-0 13. b3 Bb7 14. Bb2 Rac8 15. Re2 Rfd8 16. d5 Nh5 17. Bd3 Ba8 18. Rc2 Qd7 19. Nxe5 dxe5 20. Rxc8 Rxc8 21. Qxh5 f6 22. Nd2 Bb4 23. Qe2 Bc3 24. Nf3 f5 25. Bxc3 Rxc3 26. Nxe5 Qd6 27. f4 fxe4 28. Qxe4 g6 29. b4 Nb7 30. f5 Nd8 31. fxg6 hxg6 32. Nxg6 Bxd5 33. Qe8+ Kg7 34. Qh8+ Kf7 35. Rf1+ 1-0

[Event "SVK-ch U16"]
[Site "Lubovnianske Kupele"]
[Date "2012.03.23"]
[Round "8"]
[White "Dudasko, Mario"]
[Black "Kerdik, Adam"]
[Result "1/2-1/2"]
[WhiteElo "1413"]
[BlackElo "1886"]
[PlyCount "81"]
[EventDate "2012.03.17"]
[EventType "swiss"]
[EventRounds "9"]
[EventCountry "SVK"]
[SourceTitle "CBM 147 Extra"]
[Source "ChessBase"]
[SourceDate "2012.04.24"]
[SourceVersion "1"]
[SourceVersionDate "2012.04.24"]
[SourceQuality "1"]

1. e4 c5 2. Nf3 e6 3. d4 cxd4 4. Nxd4 a6 5. Nc3 Qc7 6. g3 Bb4 7. Bd2 Nf6 8. Bg2 Nc6 9. Nxc6 dxc6 10. 0-0 0-0 11. a3 Bc5 12. Qe2 e5 13. Bg5 Ne8 14. Rad1 Nd6 15. Na4 Bd4 16. Be3 Bxe3 17. Qxe3 Nc4 18. Qd3 b5 19. b4 Bg4 20. f3 Rfd8 21. Qc3 Qa7+ 22. Nc5 Bh5 23. Rd3 a5 24. Rfd1 Rxd3 25. Rxd3 axb4 26. axb4 h6 27. Kf2 Qa2 28. Rd1 Qa3 29. Nb3 Ra4 30. Rd8+ Kh7 31. Rc8 Qxb4 32. Qxb4 Rxb4 33. Rxc6 Na3 34. g4 Bg6 35. Bf1 Nxc2 36. Rxc2 Rxb3 37. Rc5 Rb2+ 38. Kg3 b4 39. Rxe5 f6 40. Rb5 Bf7 41. Bd3 1/2-1/2

[Event "SVK-ch U16"]
[Site "Lubovnianske Kupele"]
[Date "2012.03.19"]
[Round "3"]
[White "Dudasko, Mario"]
[Black "Irha, Martin"]
[Result "1/2-1/2"]
[WhiteElo "1413"]
[BlackElo "1396"]
[PlyCount "43"]
[EventDate "2012.03.17"]
[EventType "swiss"]
[EventRounds "9"]
[EventCountry "SVK"]
[SourceTitle "CBM 147 Extra"]
[Source "ChessBase"]
[SourceDate "2012.04.24"]
[SourceVersion "1"]
[SourceVersionDate "2012.04.24"]
[SourceQuality "1"]

1. e4 c5 2. Nf3 d6 3. d4 cxd4 4. Nxd4 Nf6 5. Nc3 e6 6. g3 Be7 7. Bg2 0-0 8. 0-0 e5 9. Nb3 Be6 10. Bg5 Bxb3 11. axb3 Nc6 12. Qd2 Qd7 13. Rad1 Rfd8 14. Rfe1 Ne8 15. Bxe7 Qxe7 16. f4 Nd4 17. Ne2 Nxe2+ 18. Rxe2 Qc7 19. Qc3 Qxc3 20. bxc3 Kf8 21. f5 f6 22. Red2 1/2-1/2

[Event "SVK-ch U16"]
[Site "Lubovnianske Kupele"]
[Date "2012.03.18"]
[Round "2"]
[White "Klimes, Juraj"]
[Black "Dudasko, Mario"]
[Result "1-0"]
[WhiteElo "1602"]
[BlackElo "1413"]
[PlyCount "153"]
[EventDate "2012.03.17"]
[EventType "swiss"]
[EventRounds "9"]
[EventCountry "SVK"]
[SourceTitle "CBM 147 Extra"]
[Source "ChessBase"]
[SourceDate "2012.04.24"]
[SourceVersion "1"]
[SourceVersionDate "2012.04.24"]
[SourceQuality "1"]

1. e4 e5 2. Nf3 Nc6 3. Bc4 Nf6 4. Ng5 d5 5. exd5 Nxd5 6. Nxf7 Kxf7 7. Qf3+ Ke8 8. Bxd5 Qf6 9. 0-0 Nd4 10. Qxf6 gxf6 11. Bb3 a5 12. Nc3 c6 13. d3 b5 14. a4 b4 15. Ne4 Nxb3 16. cxb3 Kf7 17. f4 exf4 18. Rxf4 Be7 19. Be3 f5 20. Raf1 Kg6 21. Ng3 Rf8 22. Rc4 Bb7 23. Bc5 Rae8 24. Bxe7 Rxe7 25. Rc5 Rd7 26. Nxf5 Rxd3 27. Nh4+ Kg7 28. Rxf8 Kxf8 29. Rxa5 Rd7 30. Rf5+ Ke7 31. Rf4 c5 32. Rc4 Rd1+ 33. Kf2 Bd5 34. Rxc5 Bxb3 35. Rb5 Bxa4 36. Rxb4 Bc6 37. Nf5+ Kf7 38. Ne3 Rd2+ 39. Ke1 Rd3 40. Ke2 Rd6 41. Rf4+ Kg6 42. b4 Re6 43. Kf2 Rd6 44. Nc4 Re6 45. Rd4 Bb5 46. Nd6 Re5 47. Nxb5 Rxb5 48. Ke3 Rh5 49. h3 Kf6 50. Kd3 Rg5 51. Rg4 Re5 52. Kc4 h5 53. Rf4+ Kg5 54. Rd4 h4 55. Rd5 Rxd5 56. Kxd5 Kf4 57. b5 Kg3 58. b6 Kxg2 59. b7 Kxh3 60. b8Q Kg2 61. Qb2+ Kg3 62. Qc3+ Kg2 63. Qd2+ Kg3 64. Qe3+ Kg2 65. Qe2+ Kg3 66. Qe1+ Kh3 67. Qh1+ Kg3 68. Ke4 h3 69. Ke3 h2 70. Ke2 Kh3 71. Kf2 Kg4 72. Qxh2 Kg5 73. Qg3+ Kf5 74. Qh4 Kg6 75. Qa4 Kf7 76. Qa6 Kg8 77. Qa7 1-0